[Event "NOR-chT Codanserien 2017-18"]
[Site "Stavanger"]
[Date "2017.12.01"]
[Round "1"]
[White "Nielsen, Andre"]
[Black "Tryggestad, Andreas Garberg"]
[Result "1/2-1/2"]
[WhiteElo "2108"]
[BlackElo "2264"]
[Annotator "TA"]
[PlyCount "110"]
[EventDate "2017.??.??"]
[EventType "team-tourn"]
[EventCountry "NOR"]
[SourceTitle "playchess.com"]
[Source "ChessBase"]
[SourceQuality "1"]

{[%evp 17,110,58,58,54,109,89,83,98,106,104,106,0,0,-31,-27,-30,-51,-50,-40,-36,-29,-50,-36,-42,-47,-49,-37,-71,-36,-77,-36,-63,-43,-79,-60,-89,-89,-89,-74,-76,-82,-172,-156,-163,-156,-181,-156,-575,-112,-158,-175,-1320,-1425,-1331,-606,-589,-547,-547,-484,-483,-472,-808,-456,-438,-430,-408,202,162,389,366,369,369,369,369,458,454,723,724,702,676,629,0,0,0,0,0,0,0,0,0,0,0,0,0,0]} 1. e4 g6 2. d4 Bg7 3. Nc3 c6 4. f4 d5 5. e5 Nh6 6. Nf3 Bg4 {B15: Caro-Kann (Flohr-Variante)} 7. Be2 Nf5 8. O-O Qb6 9. Na4 Qc7 {LiveBook: 4 Partien} 10. c3 Nd7 $146 {[#]} (10... e6 $14) ({Vorgänger:} 10... e6 11. h3 Bxf3 12. Rxf3 h5 13. g3 {0-1 (33) Michiels,B (2450)-Krasenkow,M (2632) Amsterdam 2004}) 11. e6 $1 {[%mdl 512]} fxe6 {[#]} 12. Ng5 $1 {[%csl LRe6,LRg4]} Bxe2 13. Qxe2 Qa5 14. Nxe6 (14. b3 $16) 14... Qxa4 $11 15. Re1 Bf6 16. g4 Nd6 17. g5 ({Viel schwächer ist} 17. Nc7+ $6 Kd8 $14) 17... Ne4 18. gxf6 Ndxf6 19. Nc7+ Kf7 20. Nxa8 Rxa8 21. Be3 Qa5 {[%mdl 1024] Schwarz hat Kompensation.} 22. Kh1 Qc7 23. Rg1 Qd7 24. Raf1 Nd6 25. b3 Qe6 26. Qf3 a5 27. Re1 a4 28. Bc1 Nfe4 29. c4 (29. Bb2 $17) 29... axb3 $19 30. axb3 Ra2 31. Be3 Rb2 32. Rb1 $2 {[#]} (32. f5 $17 Qxf5 33. Rgf1 Qxf3+ 34. Rxf3+ Nf5 35. Bg1) 32... Rc2 $2 (32... Ng3+ $1 $19 {[%mdl 512] bietet bessere Gewinnchancen.} 33. Rxg3 (33. Qxg3 Qe4+) 33... Rxb1+ 34. Bg1 dxc4 35. bxc4 Qxc4) 33. Rgc1 Ra2 $40 {[%mdl 128] Schwarz hat starken Angriff.} 34. c5 $2 (34. Ra1 Rxa1 35. Rxa1) 34... Nf5 35. Ra1 Nfg3+ (35... Nh4 $142 36. Rxa2 Nxf3) 36. hxg3 Qh3+ 37. Kg1 Qh2+ 38. Kf1 {Und weiter mit Txa2 wäre nett.} Nxg3+ 39. Ke1 (39. Qxg3 $142 Qxg3 40. Rxa2 Qxe3 41. Re1 Qxd4 42. Rae2) 39... Rg2 {( -> ...Dh1+)} (39... Qe2+ $2 40. Qxe2 Rxe2+ 41. Kd1 $17) 40. Bf2 Ne4 {[%cal Rg2f2]} 41. Rc2 Nxf2 $4 {[%mdl 8192]} (41... Qh1+ $19 {und Schwarz kann entspannen.} 42. Ke2 Rxf2+ 43. Qxf2 Qxa1) 42. Rxf2 $18 Qh1+ $2 (42... Rxf2 43. Qxf2 Qh1+ 44. Qf1 Qe4+ 45. Kf2 Qxd4+ 46. Kg2 Qb2+ 47. Kg3 Qc3+ 48. Kg2 Qxc5) 43. Rf1 Qh4+ 44. Kd1 Rg3 45. Qe2 Qh3 {Und ...Te3 würde nun gewinnen.} 46. Re1 e6 (46... e5 $142 47. fxe5 (47. Qxe5 {wird mattgesetzt.} Rd3+ 48. Kc2 Rc3+ 49. Kb2 Rxb3+ 50. Ka2 Ra3+ 51. Kb1 Qd3+ 52. Kc1 Rc3+ 53. Kb2 Qc2#) 47... Ke6) 47. f5 e5 48. fxg6+ Kxg6 49. dxe5 $2 (49. Ra8 $18) 49... Rg2 $11 {Die Stellung ist ausgeglichen.} 50. Qe3 Qg4+ 51. Kc1 {Schwarz muss nun Ta8 beachten.} Qf5 $1 {[%csl Gg2][%cal Rf5c2]} 52. Re2 Qf1+ 53. Re1 Qf5 {[%csl Gg2][%cal Rf5c2]} 54. Qc3 Qf4+ 55. Qe3 Qf5 $1 {Precision: Weiß = 42%, Schwarz = 44%.} 1/2-1/2

[Event "NOR-chT Codanserien 2017-18"]
[Site "Stavanger"]
[Date "2017.12.01"]
[Round "1"]
[White "Myrstad, Odd Magnus"]
[Black "Moen, Ole Christian"]
[Result "1/2-1/2"]
[WhiteElo "2060"]
[BlackElo "2178"]
[Annotator "TA"]
[PlyCount "29"]
[EventDate "2017.??.??"]
[EventType "team-tourn"]
[EventCountry "NOR"]
[SourceTitle "playchess.com"]
[Source "ChessBase"]
[SourceQuality "1"]

{[%evp 12,29,28,-10,25,10,12,10,10,14,20,17,19,12,21,20,21,32,44,42]} 1. e4 e5 2. Nf3 Nc6 3. Bb5 Nge7 4. Nc3 d6 5. d4 a6 6. Bxc6+ Nxc6 7. dxe5 {LiveBook: 4 Games. C60: Ruy Lopez: Unusual Black 3rd moves and 3...g6} Nxe5 (7... dxe5 8. Qxd8+ Kxd8 9. Be3 f6 10. O-O-O+ Bd7 11. Rd2 Kc8 12. Rhd1 Be6 13. Nd5 Rb8 14. a3 a5 {0-1 (63) Guseinov,G (2616)-Efimenko,Z (2661) Baku 2013}) 8. Nxe5 dxe5 9. Qxd8+ {The position is equal.} Kxd8 10. Be3 Bd6 11. O-O-O Be6 12. Bc5 $146 ({Predecessor:} 12. Nd5 Bxd5 13. Rxd5 Ke7 14. Rhd1 Rhd8 {½-½ (45) Maciejewski,M (2405)-Masternak,G (2350) Lubniewice 1995}) 12... Ke7 13. Nd5+ Bxd5 $1 14. Rxd5 Ke6 15. Bxd6 1/2-1/2